000 01590cam a2200385 a 4500
001 13657590
003 ARRUPE
005 20130918172132.0
008 040716s2004 enkab b 001 0 eng d
010 _a 2004301210
015 _aGB A4-Y8583
020 _a0567084736
020 _a0567084639 pbk.
035 _a(OCoLC)ocm55122649
040 _aEQO
_cEQO
_dOCLCQ
_dDLC
042 _alccopycat
050 0 0 _aBS1171.3
_b.A55 2004
082 0 0 _a221.6
_222
100 1 _aAtwell, James E.
_9680
245 1 4 _aThe sources of the Old Testament :
_ba guide to the religious thought of the Hebrew Bible /
_cJames E. Atwell.
260 _aLondon ;
_aNew York :
_bT & T Clark,
_cc2004.
300 _aviii, 252 p. :
_bill., map ;
_c22 cm.
440 0 _aUnderstanding the Bible and its world
_9681
504 _aIncludes bibliographical references (p. 232-244) and indexes.
630 0 0 _aBible.
_pOld Testament
_xCriticism, interpretation, etc.
_9682
630 0 0 _aBible.
_pOld Testament
_xTheology.
_9683
650 0 _aJudaism
_xHistory.
_9684
651 0 _aMiddle East
_xCivilization
_yto 622.
_9685
856 4 2 _3Contributor biographical information
_uhttp://www.loc.gov/catdir/enhancements/fy1115/2004301210-b.html
856 4 1 _3Table of contents only
_uhttp://www.loc.gov/catdir/enhancements/fy1115/2004301210-t.html
856 4 2 _3Publisher description
_uhttp://www.loc.gov/catdir/enhancements/fy1214/2004301210-d.html
906 _a7
_bcbc
_ccopycat
_d2
_encip
_f20
_gy-gencatlg
942 _2lcc
_cMONOGRAPH
999 _c117908
_d117908